书目信息 |
| 题名: |
马克思主义与时俱进50例
|
|
| 作者: | 杨春贵 主编 | |
| 分册: | ||
| 出版信息: | 北京 中共中央党校出版社 2002 |
|
| 页数: | 519页 | |
| 开本: | 21cm | |
| 丛书名: | ||
| 单 册: | ||
| 中图分类: | A851.62 | |
| 科图分类: | ||
| 主题词: | 马列著作研究--马列主义党--党的建设 | |
| 电子资源: | ||
| ISBN: | 7-5035-2496-0 | |
| 000 | 00929nam0 2200241 450 | |
| 000 | 00961nam0 2200253 450 | |
| 000 | 00891nam0 2200229 450 | |
| 000 | 00854nam0 2200217 45 | |
| 005 | 20070529143823.89 | |
| 010 | @a7-5035-2496-0@dCNY31.00 | |
| 100 | @a20051101d2002 ekmy0chiy0120 ea | |
| 101 | 0 | @achi |
| 102 | @aCN@b110000 | |
| 105 | @ay z 000yy | |
| 200 | 1 | @a马克思主义与时俱进50例@AMa Ke Si Zhu Yi Yu Shi Ju Jin 50 Li@f杨春贵主编@FYang Chun Gui Zhu Bian |
| 210 | @a北京@c中共中央党校出版社@d2002 | |
| 215 | @a519页@d21cm | |
| 330 | @a本书根据马克思主义理论与实践发展的实际历史进程,选取具有重大历史意义的理论与政策创新的事例,说明马克思主义是与时俱进的科学,正是这种与时俱进的品质使得马克思主义至今保持其旺盛的生命力和科学的指导作用。 | |
| 606 | 0 | @a马列著作研究@x马列主义党@x党的建设 |
| 690 | @aA851.62@v4 | |
| 701 | 0 | @a杨春贵@AYang Chun Gui@4主编 |
| 801 | 0 | @aCN@bFYSX@c20070529 |
| 905 | @a10447@dA851.62@e3 | |
| 马克思主义与时俱进50例/杨春贵主编.-北京:中共中央党校出版社,2002 |
| 519页;21cm |
| ISBN 7-5035-2496-0:CNY31.00 |
| 本书根据马克思主义理论与实践发展的实际历史进程,选取具有重大历史意义的理论与政策创新的事例,说明马克思主义是与时俱进的科学,正是这种与时俱进的品质使得马克思主义至今保持其旺盛的生命力和科学的指导作用。 |
| ● |
| 相关链接 |
|
|
|
|
正题名:马克思主义与时俱进50例
索取号:A851.62/3
 
预约/预借
| 序号 | 登录号 | 条形码 | 馆藏地/架位号 | 状态 | 备注 |
| 1 | 0509882 | 205098829 | 第一样本阅览室/ [索取号:A851.62/3] | 在馆 | |
| 2 | 0509883 | 205098838 | 第一借阅区/ [索取号:A851.62/3] | 在馆 | |
| 3 | 0509884 | 205098847 | 第一借阅区/ [索取号:A851.62/3] | 在馆 | |
| 4 | 0509885 | 205098856 | 第一借阅区/ [索取号:A851.62/3] | 在馆 | |
| 5 | 0509886 | 205098865 | 第一借阅区/ [索取号:A851.62/3] | 在馆 | |
| 6 | 0509887 | 205098874 | 第一借阅区/ [索取号:A851.62/3] | 在馆 | |
| 7 | 0509888 | 205098883 | 第一借阅区/ [索取号:A851.62/3] | 在馆 | |
| 8 | 0509889 | 205098892 | 第一借阅区/ [索取号:A851.62/3] | 在馆 |